00373nam a22001337a 450000500170000000800410001704100120005808200130007010000120008324500390009526000500013430000290018465000260021320240816091238.0240816b |||||||| |||| 00| 0 eng d aEnglish a349 LAW  lEnglish aThe Law Reports: Probate Division  aLondon:bWilliam Clowes and Sons Ltd, c1885  bxv, 210 pages; c25 cm.  aLegal practice bLaw